000 00633nam a2200181Ia 4500
008 090630s9999 xx 000 0 und d
082 _b12041
100 _aवाळिंबे शरच्चंद्र.
245 _aदयावान.
_cवाळिंबे शरच्चंद्र.
260 _bनिशिराज - पुणे.
_c1993
300 _a207
600 _aवाळिंबे शरच्चंद्र.
630 _aदयावान.
655 _aकादंबरी.
700 _aवाळिंबे शरच्चंद्र.
730 _aदयावान.
942 _cBOOK
999 _c263897
_d263897